01519nam a22003857a 4500003000500000005001700005008004100022010001000063011001000073035001000083040000900093090001000102100004200112245018500154260003900339300001000378502010100388590003700489590004100526590004100567590004100608590004100649590004100690590004200731650003500773650003700808650002400845650003100869650003700900901000700937942001000944949003500954999001700989952012701006CHAP20220329134300.0971013s1980 r 00010 d a18063 a19035 a23120 cCHAP aTesis00aDelgado Garza, María Teresa.931619 aMicroorganismos de suelo forestal como posibles antagonistas de fitopatógenos de plántulas de pinos (Pinus spp.), en el área de Chipinque, Sierra Madre Oriental, Nuevo León aMonterrey, N.L. :bEl Autor,c1980 a46 h. aTesis (Ing. Agr. Esp. en Parasitología) -- ITESM. Div. de Ciencias Agropecuarias y Marítimas aALEPHb10c20130110lUCH01h1241 aBATCH-UPDb10c20130110lUCH01h0010 aBATCH-UPDb10c20130110lUCH01h1737 aBATCH-UPDb10c20130409lUCH01h1946 aBATCH-UPDb10c20130410lUCH01h1117 aBATCH-UPDb10c20130914lUCH01h1139 aCONVERSIONb10c20130109lUCH01h131114aHongos fitopatógenos.95613214aPináceasxEnfermedades.98823114aPlántulas.98919314aSuelos forestales.911054814aSuelosxMicrobiología.9110434 aBK cTESIS bBCcTESd-53927eTS1i23120si c18063d18063 00102local4051708TESISaBCbBCcPA_TESISd2012-12-17fTESISl0oTesisp-53927r2019-12-31 00:00:00w2019-12-31yTESIS